[Event "Chess24 Banter Blitz Cup"]
[Site "chess24.com INT"]
[Date "2019.10.01"]
[Round "1.5"]
[White "Narciso Dublan, Marc"]
[Black "Robson, Ray"]
[Result "0-1"]
[WhiteTitle "GM"]
[BlackTitle "GM"]
[WhiteElo "2517"]
[BlackElo "2670"]
[WhiteFideId "2201500"]
[BlackFideId "2023970"]
[EventDate "2019.09.25"]
[EventType "blitz"]

1. f4 d5 2. Nf3 Nf6 3. e3 g6 4. d4 Bg7 5. Bd3 O-O 6. O-O c5 7. c3 Nc6 8. Nbd2
Bf5 9. Bxf5 gxf5 10. dxc5 e6 11. b4 a5 12. b5 Ne7 13. Nd4 Rc8 14. Ba3 Nd7 15. c6
Nb8 16. Qa4 bxc6 17. bxc6 Re8 18. Bxe7 Rxe7 19. Rab1 Rec7 20. Rxb8 Rxb8 21. N2f3
Qd6 22. Qxa5 Rcc8 23. Rc1 Qc7 24. Qa3 Qb6 25. h3 Qb2 26. Qxb2 Rxb2 27. a4 Ra2
28. c4 Rxa4 29. cxd5 exd5 30. Nxf5 Bf8 31. N3d4 Rc4 32. Rb1 Bc5 33. Rb5 Kf8 34.
Kh2 Rc3 35. Rb7 Rc4 36. Rd7 Bb4 37. Nh6 Be7 38. Ndf5 R8xc6 39. Rxe7 Rxh6 40.
Rxf7+ Kxf7 41. Nxh6+ Ke6 42. Ng4 Rc2 43. Kg3 h5 44. Nf2 Kf5 45. Kf3 h4 46. e4+
dxe4+ 47. Nxe4 Rb2 48. g4+ Kg6 49. Ng3 Rb3+ 50. Kg2 Rxg3+ 51. Kh2 Kf6 52. f5 Kg5
53. Kh1 Rf3 54. Kg2 Rf4 55. Kh2 Re4 56. Kg2 Re5 57. Kf3 Re7 58. f6 Rf7 0-1

[Event "Chess24 Banter Blitz Cup"]
[Site "chess24.com INT"]
[Date "2019.10.01"]
[Round "1.6"]
[White "Robson, Ray"]
[Black "Narciso Dublan, Marc"]
[Result "1-0"]
[WhiteTitle "GM"]
[BlackTitle "GM"]
[WhiteElo "2670"]
[BlackElo "2517"]
[WhiteFideId "2023970"]
[BlackFideId "2201500"]
[EventDate "2019.09.25"]
[EventType "blitz"]

1. e4 c6 2. d4 d5 3. e5 c5 4. dxc5 e6 5. Nf3 Bxc5 6. Bd3 Nc6 7. O-O Nge7 8. Nbd2
Ng6 9. Nb3 Bb6 10. Re1 O-O 11. Bd2 f6 12. exf6 Qxf6 13. Bg5 Qf7 14. Be3 Bxe3 15.
Rxe3 h6 16. Qd2 Nf4 17. Rae1 Bd7 18. Ne5 Nxe5 19. Rxe5 Qf6 20. Nd4 Rf7 21. Qe3
Raf8 22. Rf1 Qh4 23. g3 Qg4 24. f3 Nxd3 25. cxd3 Qh3 26. Qe2 Rf6 27. Qg2 Qxg2+
28. Kxg2 Kf7 29. Rc1 Rc8 30. Rxc8 Bxc8 31. Re1 Ke7 32. f4 Kd6 33. h4 Bd7 34. Rc1
Rf8 35. Nf3 Rc8 36. Rxc8 Bxc8 37. Ne5 Kc5 38. Kf2 Kd4 39. Ke2 a5 40. Kd2 a4 41.
Nf3+ Kc5 42. Kc3 b5 43. b4+ axb3 44. axb3 b4+ 45. Kd2 Ba6 46. d4+ Kd6 47. Ne5
Bf1 48. Nf7+ Ke7 49. Ne5 Kd6 50. Ke3 Bb5 51. g4 Be8 52. g5 hxg5 53. fxg5 Bb5 54.
h5 Ke7 55. h6 gxh6 56. gxh6 Kf6 57. Ng4+ 1-0

[Event "Chess24 Banter Blitz Cup"]
[Site "chess24.com INT"]
[Date "2019.10.01"]
[Round "1.7"]
[White "Narciso Dublan, Marc"]
[Black "Robson, Ray"]
[Result "1-0"]
[WhiteTitle "GM"]
[BlackTitle "GM"]
[WhiteElo "2517"]
[BlackElo "2670"]
[WhiteFideId "2201500"]
[BlackFideId "2023970"]
[EventDate "2019.09.25"]
[EventType "blitz"]

1. f4 d5 2. Nf3 Nf6 3. e3 g6 4. d4 Bg7 5. Bd3 O-O 6. O-O c5 7. c3 Nc6 8. Nbd2
Bf5 9. Bxf5 gxf5 10. dxc5 e6 11. b4 a5 12. b5 Ne7 13. Ba3 Rc8 14. Nd4 Nd7 15. c6
Nb8 16. N2b3 a4 17. Nc5 bxc6 18. Qxa4 cxb5 19. Qxb5 Nbc6 20. Rf3 Rb8 21. Qd3 Qa5
22. Nc2 Qxc3 23. Rd1 Qxd3 24. Rxd3 Rb1+ 25. Kf2 Ra8 26. Rg3 Ng6 27. Nb3 Rc8 28.
Rd2 Bc3 29. Re2 Na7 30. Bc5 Rxb3 31. Bxa7 Rb2 32. Nd4 Bxd4 33. Bxd4 Rxe2+ 34.
Kxe2 Rc2+ 35. Kd3 Rxa2 36. h4 h5 37. Rg5 Kf8 38. Rxh5 Rxg2 39. Rh7 Ke7 40. h5
Nf8 41. Bc5+ Kf6 42. Bxf8 e5 43. fxe5+ Kxe5 44. Bg7+ Ke6 45. Bd4 Rg3 46. Rh6+
Ke7 47. Rf6 f4 48. Rxf4 1-0

[Event "Chess24 Banter Blitz Cup"]
[Site "chess24.com INT"]
[Date "2019.10.01"]
[Round "1.8"]
[White "Robson, Ray"]
[Black "Narciso Dublan, Marc"]
[Result "0-1"]
[WhiteTitle "GM"]
[BlackTitle "GM"]
[WhiteElo "2670"]
[BlackElo "2517"]
[WhiteFideId "2023970"]
[BlackFideId "2201500"]
[EventDate "2019.09.25"]
[EventType "blitz"]

1. e4 c6 2. d4 d5 3. e5 c5 4. dxc5 e6 5. Nf3 Bxc5 6. Bd3 Ne7 7. O-O Ng6 8. Nbd2
Nc6 9. Nb3 Be7 10. Re1 f6 11. exf6 Bxf6 12. Bxg6+ hxg6 13. Qd3 Kf7 14. Bf4 g5
15. Ne5+ Nxe5 16. Bxe5 Bd7 17. Nd4 Qg8 18. h3 Qh7 19. Qg3 Qh4 20. Rad1 Qxg3 21.
fxg3 Rac8 22. g4 b5 23. c3 a5 24. a3 Rc4 25. Nb3 Ra8 26. Nd2 Rcc8 27. Nf3 Rc4
28. Bd6 Re4 29. Rxe4 dxe4 30. Ne5+ Bxe5 31. Bxe5 Bc6 32. Kf2 Bd5 33. Ke3 Rc8 34.
Rf1+ Kg6 35. Rf2 Rd8 36. Bc7 Ra8 37. Kd4 Ra7 38. Bb6 Ra6 39. Bc7 Ra7 40. Bb6 Ra6
41. Kc5 Bc4 42. b3 e3 43. Rf3 e2 44. Re3 Bd3 45. Bc7 Ra7 46. Bg3 Rd7 47. c4 bxc4
48. bxc4 Kf7 49. Kc6 Rd4 50. c5 Be4+ 51. Kb6 Bxg2 52. Rxe2 Bxh3 53. c6 Bxg4 54.
Rc2 e5 55. c7 e4 56. Be5 Rd5 57. Bg3 e3 58. Rc4 Bd7 59. c8=Q Bxc8 60. Rxc8 e2
61. Rc7+ Kg6 62. Rc2 Rd3 63. Be1 Rb3+ 64. Kc5 Rxa3 65. Kd4 Ra4+ 66. Ke3 Ra3+ 67.
Kf2 Rd3 68. Rc6+ Kh5 69. Rc2 Rd5 70. Kxe2 Rf5 0-1

[Event "Chess24 Banter Blitz Cup"]
[Site "chess24.com INT"]
[Date "2019.10.01"]
[Round "1.9"]
[White "Narciso Dublan, Marc"]
[Black "Robson, Ray"]
[Result "1/2-1/2"]
[WhiteTitle "GM"]
[BlackTitle "GM"]
[WhiteElo "2517"]
[BlackElo "2670"]
[WhiteFideId "2201500"]
[BlackFideId "2023970"]
[EventDate "2019.09.25"]
[EventType "blitz"]

1. f4 d5 2. Nf3 c5 3. e3 Nc6 4. Bb5 Bd7 5. b3 Nf6 6. Bb2 a6 7. Bxc6 Bxc6 8. O-O
g6 9. Ne5 Bg7 10. Nxc6 bxc6 11. Nc3 O-O 12. Na4 c4 13. Qe2 cxb3 14. axb3 Nd7 15.
Bxg7 Kxg7 16. c4 e6 17. Rfc1 a5 18. d3 Qe7 19. Qb2+ Qf6 20. cxd5 Qxb2 21. Nxb2
cxd5 22. Rc7 Nf6 23. Na4 Rfc8 24. Rac1 Rxc7 25. Rxc7 Rb8 26. Nc5 Kg8 27. Kf1 Rb5
28. Ke2 h5 29. h3 Kf8 30. Kd2 Ne8 31. Rc6 Ke7 32. Kc3 Nd6 33. Rc7+ Ke8 34. d4 h4
35. Rc6 Ke7 36. Ra6 Nf5 37. Kd3 Nd6 38. Ra7+ Ke8 39. Ra6 Ke7 40. Ra7+ Ke8 41.
Ra6 Ke7 1/2-1/2

[Event "Chess24 Banter Blitz Cup"]
[Site "chess24.com INT"]
[Date "2019.10.01"]
[Round "1.10"]
[White "Robson, Ray"]
[Black "Narciso Dublan, Marc"]
[Result "1-0"]
[WhiteTitle "GM"]
[BlackTitle "GM"]
[WhiteElo "2670"]
[BlackElo "2517"]
[WhiteFideId "2023970"]
[BlackFideId "2201500"]
[EventDate "2019.09.25"]
[EventType "blitz"]

1. e4 d5 2. exd5 Qxd5 3. Nf3 Bg4 4. Be2 Bxf3 5. Bxf3 Qe5+ 6. Be2 c5 7. O-O Nc6
8. Nc3 e6 9. Bf3 Nge7 10. d3 O-O-O 11. Re1 Qc7 12. Nb5 Qb6 13. a4 Nf5 14. Bf4
Bd6 15. Bxd6 Nxd6 16. Bxc6 bxc6 17. Nxd6+ Rxd6 18. b3 Rd4 19. Qf3 Qc7 20. Re4
Rhd8 21. Rae1 R8d5 22. h3 h6 23. Qe2 Kb7 24. Qd2 Qd7 25. Rxd4 Rxd4 26. Re3 g5
27. Qe2 Qe7 28. Re5 Rd5 29. Re4 Qf6 30. g3 Rd4 31. Kg2 Rxe4 32. Qxe4 Qc3 33. Qh7
Qxc2 34. Qxf7+ Kb6 35. Qxe6 Qxd3 36. f4 gxf4 37. gxf4 Qd5+ 38. Qxd5 cxd5 39. Kf3
Kc6 40. f5 Kd6 41. Kf4 c4 42. bxc4 dxc4 43. Ke4 c3 44. Kd3 Ke5 45. Kxc3 Kxf5 46.
Kb4 Kg5 47. Ka5 Kh4 48. Ka6 Kxh3 49. Kxa7 h5 50. a5 h4 51. a6 Kg3 52. Kb8 h3 53.
a7 h2 54. a8=Q Kf2 55. Qh1 Kg3 56. Kc7 Kh3 57. Qf3+ 1-0

[Event "Chess24 Banter Blitz Cup"]
[Site "chess24.com INT"]
[Date "2019.10.01"]
[Round "1.11"]
[White "Narciso Dublan, Marc"]
[Black "Robson, Ray"]
[Result "0-1"]
[WhiteTitle "GM"]
[BlackTitle "GM"]
[WhiteElo "2517"]
[BlackElo "2670"]
[WhiteFideId "2201500"]
[BlackFideId "2023970"]
[EventDate "2019.09.25"]
[EventType "blitz"]

1. f4 d5 2. Nf3 c5 3. e3 Nf6 4. b3 g6 5. Bb2 Bg7 6. Bb5+ Nbd7 7. O-O O-O 8. a4
a6 9. Bxd7 Bxd7 10. a5 Bc6 11. Be5 Rc8 12. Nc3 Nd7 13. Bxg7 Kxg7 14. Qe1 Nf6 15.
Ne5 d4 16. Ne2 Qd5 17. Nxc6 Rxc6 18. Ng3 dxe3 19. Qxe3 Rd8 20. d3 Qd4 21. Rae1
Nd5 22. Qf2 e6 23. Ne4 Rc7 24. g3 Ne7 25. Ng5 Nf5 26. Re4 Qxf2+ 27. Kxf2 Nd4 28.
Rc1 Nc6 29. Ra4 Nb4 30. Ne4 Rdc8 31. Ke2 Kf8 32. Kd2 Nd5 33. Re1 Ke7 34. Ng5 Nf6
35. Rc4 Rd8 36. Re5 Rdc8 37. Nf3 Nd7 38. Re2 Nf6 39. Ng5 h6 40. Nf3 Nd5 41. Ne5
Kf6 42. Ng4+ Kg7 43. Ne3 Rd8 44. Nxd5 Rxd5 45. Re5 Kf6 46. Ree4 Ke7 47. b4 Kd6
48. bxc5+ Rdxc5 49. Rcd4+ Ke7 50. Ra4 Rxc2+ 51. Ke3 Rxh2 52. Rec4 Rd7 53. Rab4
Rg2 54. Kf3 Rd2 55. d4 Rd3+ 56. Kf2 Ra3 57. Rc2 Rxa5 58. Rcb2 Rad5 0-1

[Event "Chess24 Banter Blitz Cup"]
[Site "chess24.com INT"]
[Date "2019.10.01"]
[Round "1.1"]
[White "Maurizzi, Marc Andria"]
[Black "Grandelius, Nils"]
[Result "0-1"]
[WhiteTitle "FM"]
[BlackTitle "GM"]
[WhiteElo "2415"]
[BlackElo "2691"]
[WhiteFideId "36083534"]
[BlackFideId "1710400"]
[EventDate "2019.09.25"]
[EventType "blitz"]

1. e4 c5 2. Nf3 e6 3. d4 cxd4 4. Nxd4 a6 5. c4 Nf6 6. Nc3 Qc7 7. Be2 b6 8. O-O
Bb7 9. Qd3 Nc6 10. Nxc6 dxc6 11. f4 Bc5+ 12. Kh1 Rd8 13. Qf3 Bd4 14. e5 c5 15.
Qg3 Ne4 16. Qxg7 Rf8 17. Nxe4 Bxe4 18. Qg3 Kd7 19. Bf3 Rg8 20. Qh3 Qc6 21. Re1
Rxg2 22. Bxg2 Rg8 23. Re2 Bf3 24. Rc2 Qe4 25. Qxf3 Qe1+ 0-1

[Event "Chess24 Banter Blitz Cup"]
[Site "chess24.com INT"]
[Date "2019.10.01"]
[Round "1.2"]
[White "Grandelius, Nils"]
[Black "Maurizzi, Marc Andria"]
[Result "1-0"]
[WhiteTitle "GM"]
[BlackTitle "FM"]
[WhiteElo "2691"]
[BlackElo "2415"]
[WhiteFideId "1710400"]
[BlackFideId "36083534"]
[EventDate "2019.09.25"]
[EventType "blitz"]

1. e4 e6 2. d4 d5 3. Bd3 c5 4. exd5 Qxd5 5. Nf3 cxd4 6. O-O Nc6 7. c3 Nf6 8.
cxd4 Bd6 9. Nc3 Qh5 10. h3 O-O 11. Re1 Bd7 12. Bg5 Nxd4 13. Nxd4 Qxg5 14. Ne4
Nxe4 15. Bxe4 Rad8 16. Bxb7 h6 17. Rc1 Bf4 18. Rc3 e5 19. Nf3 Qg6 20. Be4 f5 21.
Bd5+ Kh7 22. Nxe5 Qd6 23. Bg8+ 1-0

[Event "Chess24 Banter Blitz Cup"]
[Site "chess24.com INT"]
[Date "2019.10.01"]
[Round "1.3"]
[White "Maurizzi, Marc Andria"]
[Black "Grandelius, Nils"]
[Result "0-1"]
[WhiteTitle "FM"]
[BlackTitle "GM"]
[WhiteElo "2415"]
[BlackElo "2691"]
[WhiteFideId "36083534"]
[BlackFideId "1710400"]
[EventDate "2019.09.25"]
[EventType "blitz"]

1. e4 c5 2. Nf3 Nc6 3. Nc3 d6 4. d4 cxd4 5. Nxd4 Nf6 6. Bg5 e6 7. Qd2 a6 8.
O-O-O Bd7 9. f4 Be7 10. Kb1 b5 11. Nxc6 Bxc6 12. Qd4 O-O 13. Bd3 Rb8 14. Ne2 Qb6
15. Rhe1 Rfe8 16. Qxb6 Rxb6 17. Nd4 Ba8 18. Nb3 Bf8 19. h3 Nd7 20. g4 g6 21. Bh4
Bg7 22. Bf2 Rbb8 23. Bf1 Bf8 24. Bg3 e5 25. f5 Nf6 26. Bg2 gxf5 27. gxf5 Be7 28.
Rd3 Kh8 29. Nd2 Rg8 30. Re2 Nh5 31. Bh2 Rg7 32. Bf3 Nf4 33. Bxf4 Rg1+ 0-1

[Event "Chess24 Banter Blitz Cup"]
[Site "chess24.com INT"]
[Date "2019.10.01"]
[Round "1.4"]
[White "Maurizzi, Marc Andria"]
[Black "Grandelius, Nils"]
[Result "0-1"]
[WhiteTitle "FM"]
[BlackTitle "GM"]
[WhiteElo "2415"]
[BlackElo "2691"]
[WhiteFideId "36083534"]
[BlackFideId "1710400"]
[EventDate "2019.09.25"]
[EventType "blitz"]

1. Nf3 c5 2. c4 e6 3. d4 cxd4 4. Nxd4 Nf6 5. Nc3 a6 6. e4 Qc7 7. Be2 b6 8. O-O
Bb7 9. Qd3 Nc6 10. Nxc6 dxc6 11. f4 Rd8 12. Qg3 c5 13. Bf3 g6 14. e5 Nh5 15. Qf2
Be7 16. f5 Bxf3 17. Qxf3 Qxe5 18. fxg6 f6 19. g4 Ng7 20. Bf4 Qd4+ 21. Be3 Qxc4
22. Bh6 O-O 23. gxh7+ Kh8 24. Rad1 Rd4 25. Be3 Rxg4+ 26. Kh1 Rh4 27. Rd7 Nf5 28.
Bc1 Ng3+ 29. Qxg3 Qxf1+ 30. Qg1 Qxg1+ 31. Kxg1 Rxh7 32. Ne4 f5 33. Ng3 Bf6 34.
b3 Rxd7 0-1

[Event "Chess24 Banter Blitz Cup"]
[Site "chess24.com INT"]
[Date "2019.10.01"]
[Round "1.5"]
[White "Grandelius, Nils"]
[Black "Maurizzi, Marc Andria"]
[Result "1-0"]
[WhiteTitle "GM"]
[BlackTitle "FM"]
[WhiteElo "2691"]
[BlackElo "2415"]
[WhiteFideId "1710400"]
[BlackFideId "36083534"]
[EventDate "2019.09.25"]
[EventType "blitz"]

1. c4 b6 2. Nc3 Bb7 3. Nf3 Nf6 4. g3 g6 5. Bg2 Bg7 6. O-O O-O 7. d3 d6 8. e4 c5
9. h3 Nbd7 10. Be3 a6 11. Qd2 e6 12. Rad1 Qc7 13. Bh6 Ne5 14. Nh2 Nc6 15. Bxg7
Kxg7 16. f4 Nd4 17. Ne2 Nxe2+ 18. Qxe2 Nd7 19. Ng4 f6 20. Qd2 h5 21. Ne3 Rae8
22. f5 exf5 23. exf5 Bxg2 24. Kxg2 Qc6+ 25. Nd5 g5 26. Rde1 Ne5 27. Re4 b5 28.
Qc2 bxc4 29. dxc4 Nd7 30. Re6 Ne5 31. Qe4 Qd7 32. Ne3 Rxe6 33. fxe6 Qxe6 34.
Nf5+ Kh8 35. b3 Re8 36. Rd1 Nf7 37. Qxe6 Rxe6 38. Kf2 Kh7 39. g4 Kg6 40. Ne3
hxg4 41. hxg4 Ne5 42. Rd5 1-0

[Event "Chess24 Banter Blitz Cup"]
[Site "chess24.com INT"]
[Date "2019.10.01"]
[Round "1.6"]
[White "Maurizzi, Marc Andria"]
[Black "Grandelius, Nils"]
[Result "0-1"]
[WhiteTitle "FM"]
[BlackTitle "GM"]
[WhiteElo "2415"]
[BlackElo "2691"]
[WhiteFideId "36083534"]
[BlackFideId "1710400"]
[EventDate "2019.09.25"]
[EventType "blitz"]

1. d4 d5 2. Bf4 c5 3. e3 Nc6 4. c3 cxd4 5. exd4 Bf5 6. Nf3 e6 7. Nbd2 f6 8. Bb5
g5 9. Bg3 h5 10. h3 h4 11. Bh2 Bd6 12. O-O Ne7 13. Re1 Kf7 14. Nf1 Bxh2+ 15.
N1xh2 Ng6 16. Bd3 Bxd3 17. Qxd3 Nf4 18. Qd2 Ne7 19. Ng4 Neg6 20. Re3 Qd6 21.
Rae1 Rae8 22. Qc2 a6 23. a4 Re7 24. a5 Qc7 25. b4 Rc8 26. Nd2 Qd6 27. Qb1 f5 28.
Ne5+ Nxe5 29. Rxe5 Rxc3 30. Nf3 Rxf3 31. gxf3 Nxh3+ 32. Kf1 Nf4 33. Kg1 Rc7 34.
Kh2 Rc4 35. Rxf5+ exf5 36. Qxf5+ Qf6 37. Qd7+ Kg6 0-1

[Event "Chess24 Banter Blitz Cup"]
[Site "chess24.com INT"]
[Date "2019.10.01"]
[Round "1.7"]
[White "Grandelius, Nils"]
[Black "Maurizzi, Marc Andria"]
[Result "1-0"]
[WhiteTitle "GM"]
[BlackTitle "FM"]
[WhiteElo "2691"]
[BlackElo "2415"]
[WhiteFideId "1710400"]
[BlackFideId "36083534"]
[EventDate "2019.09.25"]
[EventType "blitz"]

1. c4 Nf6 2. Nc3 e6 3. e4 d5 4. e5 d4 5. exf6 dxc3 6. bxc3 Qxf6 7. Nf3 b6 8. d4
Bb7 9. Bd3 Nd7 10. Bg5 Bxf3 11. Qd2 Bxg2 12. Bxf6 Bxh1 13. Bh4 Bb7 14. O-O-O Nf6
15. Bxf6 gxf6 16. Qf4 Ba3+ 17. Kb1 O-O-O 18. Qxf6 Rhf8 19. Re1 Kb8 20. Be4 Ba6
21. c5 e5 22. Qc6 Kc8 23. Qa8+ Kd7 24. Qxa7 Bc4 25. Qxa3 1-0

[Event "Chess24 Banter Blitz Cup"]
[Site "chess24.com INT"]
[Date "2019.10.01"]
[Round "1.8"]
[White "Maurizzi, Marc Andria"]
[Black "Grandelius, Nils"]
[Result "0-1"]
[WhiteTitle "FM"]
[BlackTitle "GM"]
[WhiteElo "2415"]
[BlackElo "2691"]
[WhiteFideId "36083534"]
[BlackFideId "1710400"]
[EventDate "2019.09.25"]
[EventType "blitz"]

1. c4 e5 2. Nc3 Bb4 3. Nf3 Bxc3 4. dxc3 d6 5. g3 Nc6 6. Bg2 h6 7. O-O Be6 8. c5
dxc5 9. Qa4 Bd7 10. Be3 Nge7 11. Bxc5 b6 12. Be3 Nf5 13. Nxe5 Nxe5 14. Qe4 O-O
15. Qxe5 Re8 16. Qf4 Rb8 17. Rad1 Nd6 18. Bf3 Qe7 19. Bc1 Bf5 20. Rfe1 Be4 21.
b3 Bxf3 22. Qxf3 Ne4 23. Rd3 Rbd8 24. h4 Rxd3 25. exd3 Ng5 26. Rxe7 Nxf3+ 27.
Kg2 Rxe7 28. Kxf3 Re1 29. Be3 Ra1 30. a4 Ra3 31. b4 Rxa4 32. Bd4 a5 33. Ke4 axb4
34. cxb4 Rxb4 35. Kd5 Kf8 36. Bc3 Rb3 37. Kc4 Rb1 38. Be5 Ke7 39. Kc3 f6 40. Kc2
Rb5 41. Bf4 Rc5+ 42. Kd2 Ke6 43. Be3 Rc6 44. f4 h5 45. Ke2 Kf5 46. Kf3 Rc3 47.
d4 b5 48. Ke2 Ke4 49. Bd2 Rxg3 50. Be1 Re3+ 51. Kd1 Rxe1+ 52. Kxe1 Kxd4 53. Kf2
Ke4 54. Kg3 b4 55. Kg2 Kxf4 56. Kf1 Kg4 57. Ke1 Kxh4 58. Kd2 Kg4 59. Kc2 h4 60.
Kb3 h3 61. Kc4 h2 62. Kb5 h1=Q 63. Ka6 Qe4 64. Ka7 b3 65. Kb8 b2 66. Kc8 b1=Q
67. Kd8 Qb8+ 0-1

[Event "Chess24 Banter Blitz Cup"]
[Site "chess24.com INT"]
[Date "2019.10.01"]
[Round "1.9"]
[White "Maurizzi, Marc Andria"]
[Black "Grandelius, Nils"]
[Result "1-0"]
[WhiteTitle "FM"]
[BlackTitle "GM"]
[WhiteElo "2415"]
[BlackElo "2691"]
[WhiteFideId "36083534"]
[BlackFideId "1710400"]
[EventDate "2019.09.25"]
[EventType "blitz"]

1. d4 d5 2. Nf3 Bf5 3. c4 e6 4. Nc3 Nf6 5. Qb3 Nc6 6. cxd5 exd5 7. a3 Na5 8.
Qa4+ c6 9. e3 b5 10. Nxb5 cxb5 11. Bxb5+ Bd7 12. Ne5 Nc4 13. Nxd7 Nxd7 14. Bxc4
dxc4 15. Qxc4 Bd6 16. O-O O-O 17. Bd2 Qb8 18. h3 Qxb2 19. Bc3 Qb7 20. Rab1 Nb6
21. Qd3 Bxa3 22. e4 Be7 23. d5 Rad8 24. Bd4 Qd7 25. Bxb6 axb6 26. Rxb6 Qc7 27.
Rb3 Qc8 28. Qg3 Bc5 29. Rc3 Rd7 30. Rfc1 Rc7 31. d6 Bxd6 32. Qd3 Rxc3 33. Rxc3
Qd8 34. Rc4 Bh2+ 35. Kxh2 Qxd3 36. Rc5 Qd4 37. Rf5 Qa4 38. Rf3 Qa7 39. Kg3 Qc7+
40. Rf4 Qd6 41. Kf3 Qd7 42. g3 Re8 43. Rxf7 Re6 44. Rxd7 Rf6+ 45. Ke3 Ra6 46.
Rd8+ 1-0

[Event "Chess24 Banter Blitz Cup"]
[Site "chess24.com INT"]
[Date "2019.10.01"]
[Round "1.10"]
[White "Maurizzi, Marc Andria"]
[Black "Grandelius, Nils"]
[Result "0-1"]
[WhiteTitle "FM"]
[BlackTitle "GM"]
[WhiteElo "2415"]
[BlackElo "2691"]
[WhiteFideId "36083534"]
[BlackFideId "1710400"]
[EventDate "2019.09.25"]
[EventType "blitz"]

1. d4 Nf6 2. Nf3 d6 3. Nbd2 Bf5 4. g3 e6 5. Bg2 Nc6 6. O-O d5 7. a3 Be7 8. c4
Ne4 9. cxd5 exd5 10. b4 Nc3 11. Qe1 O-O 12. Nb3 Ne4 13. Bb2 Bd6 14. Rc1 Re8 15.
e3 Ne7 16. Nc5 Rb8 17. Nh4 Bxc5 18. Nxf5 Bxb4 19. Nh6+ gxh6 20. Qxb4 Nf5 21. Qa5
a6 22. Qxc7 Nfd6 23. Qc2 Nc4 24. Ba1 b5 25. a4 b4 26. Qe2 b3 27. Rxc4 dxc4 28.
Qg4+ Qg5 29. Qxg5+ hxg5 0-1

[Event "Chess24 Banter Blitz Cup"]
[Site "chess24.com INT"]
[Date "2019.10.01"]
[Round "1.7"]
[White "Delgado Ramirez, Neuris"]
[Black "Ramirez, Alejandro"]
[Result "0-1"]
[WhiteTitle "GM"]
[BlackTitle "GM"]
[WhiteElo "2615"]
[BlackElo "2589"]
[WhiteFideId "3503631"]
[BlackFideId "6500617"]
[EventDate "2019.09.25"]
[EventType "blitz"]

1. e4 e6 2. d4 d5 3. Nc3 Bb4 4. Ne2 Nc6 5. a3 Ba5 6. exd5 exd5 7. Bf4 Nf6 8. Qd3
O-O 9. O-O-O Re8 10. f3 Ne7 11. g4 Ng6 12. Bg3 c6 13. h4 h5 14. g5 Nh7 15. f4
Ne7 16. Bh3 Bxh3 17. Rxh3 Qd7 18. Bf2 Nf5 19. Rhh1 Nf8 20. Qf3 g6 21. Kb1 Nd6
22. Nc1 Qg4 23. Qxg4 hxg4 24. Be1 Bxc3 25. Bxc3 Nf5 26. Rdg1 g3 27. Nd3 Re3 28.
h5 gxh5 29. Rxh5 Ng6 30. Ne5 Re8 31. Nxg6 fxg6 32. Rh3 Rf3 33. Ka2 Rxf4 34. Rgh1
Kf7 35. Rh7+ Ke6 36. Rxb7 Re7 37. Rxe7+ Kxe7 0-1

[Event "Chess24 Banter Blitz Cup"]
[Site "chess24.com INT"]
[Date "2019.10.02"]
[Round "1.1"]
[White "Eljanov, Pavel"]
[Black "Larino Nieto, David"]
[Result "1-0"]
[WhiteTitle "GM"]
[BlackTitle "GM"]
[WhiteElo "2663"]
[BlackElo "2473"]
[WhiteFideId "14102951"]
[BlackFideId "2256444"]
[EventDate "2019.09.25"]
[EventType "blitz"]

1. Nf3 e6 2. g3 g5 3. d3 h6 4. Bg2 Bg7 5. O-O Ne7 6. c4 Ng6 7. Nc3 Nc6 8. e3 g4
9. Nd2 h5 10. d4 d6 11. Rb1 f5 12. b4 Qf6 13. b5 Nce7 14. b6 c6 15. Ba3 e5 16.
Nde4 fxe4 17. Nxe4 Qe6 18. d5 cxd5 19. Nxd6+ Kf8 20. cxd5 Qd7 21. bxa7 Kg8 22.
Nb5 h4 23. Qd3 Rh6 24. Rfc1 hxg3 25. hxg3 e4 26. Qxe4 Nf5 27. Rc7 Qd8 28. Rbc1
Bd7 29. Nd6 Nxd6 30. Bxd6 Rxa7 31. Bf4 Nxf4 32. exf4 Rxa2 33. d6 Rd2 34. Qc4+
Kh7 35. Re1 Rf6 36. Rxb7 Be8 37. Ree7 Rg6 38. Be4 Rd1+ 39. Kg2 Qxd6 40. Rxg7+
Kh6 41. Rh7# 1-0

[Event "Chess24 Banter Blitz Cup"]
[Site "chess24.com INT"]
[Date "2019.10.02"]
[Round "1.2"]
[White "Larino Nieto, David"]
[Black "Eljanov, Pavel"]
[Result "0-1"]
[WhiteTitle "GM"]
[BlackTitle "GM"]
[WhiteElo "2473"]
[BlackElo "2663"]
[WhiteFideId "2256444"]
[BlackFideId "14102951"]
[EventDate "2019.09.25"]
[EventType "blitz"]

1. e4 c6 2. Nc3 d5 3. Nf3 dxe4 4. Nxe4 Nf6 5. Nxf6+ exf6 6. d4 Bd6 7. Bd3 O-O 8.
O-O Bg4 9. h3 Bh5 10. c3 a5 11. a4 Na6 12. Be2 Nc7 13. Re1 Re8 14. Be3 Nd5 15.
Qd2 Nxe3 16. fxe3 Bc7 17. Nh2 Qd6 18. Nf1 Bg6 19. Bd3 Be4 20. Bxe4 Rxe4 21. Qf2
Rae8 22. Re2 g6 23. Qf3 f5 24. Rae1 h5 25. Kf2 b5 26. axb5 cxb5 27. Nd2 R4e7 28.
e4 h4 29. e5 Qd7 30. Qf4 f6 31. Nf3 g5 32. Nxg5 fxg5 33. Qxg5+ Rg7 34. Qxh4 b4
35. Qh5 Re6 36. Qf3 Reg6 37. Kf1 bxc3 38. bxc3 Qb5 39. Kg1 a4 40. e6 Bd6 41. e7
Bxe7 42. Rxe7 Rxg2+ 43. Qxg2 Rxg2+ 44. Kxg2 Qb2+ 45. R1e2 Qxc3 46. d5 Qd3 47.
R2e5 a3 48. h4 a2 49. Re8+ Kg7 50. R5e7+ Kg6 51. Rg8+ Kf6 52. Re6+ Kf7 53. Ra8
Qxd5+ 54. Kg3 Qxa8 55. Rh6 a1=Q 56. Rh7+ Kg6 57. Kf4 Q8a4+ 58. Ke3 Qc3+ 59. Kf2
Qa2+ 60. Kf1 Qca1# 0-1

[Event "Chess24 Banter Blitz Cup"]
[Site "chess24.com INT"]
[Date "2019.10.02"]
[Round "1.3"]
[White "Eljanov, Pavel"]
[Black "Larino Nieto, David"]
[Result "0-1"]
[WhiteTitle "GM"]
[BlackTitle "GM"]
[WhiteElo "2663"]
[BlackElo "2473"]
[WhiteFideId "14102951"]
[BlackFideId "2256444"]
[EventDate "2019.09.25"]
[EventType "blitz"]

1. Nf3 e6 2. d4 h6 3. c4 b6 4. e4 Bb7 5. Nc3 d6 6. Bd3 Nd7 7. O-O g5 8. d5 Bg7
9. Be3 Ne7 10. Nd4 Bxd4 11. Bxd4 e5 12. Be3 Ng6 13. Be2 Bc8 14. b4 h5 15. Bxh5
Nf4 16. Bg4 Nf6 17. Bf5 Bxf5 18. exf5 Qd7 19. g4 Rh3 20. f3 Nxg4 21. Bxf4 gxf4
22. fxg4 Rxc3 23. Rc1 Rh3 24. c5 Ke7 25. cxd6+ cxd6 26. Rc6 Rg8 27. Kh1 Kf6 28.
Qe2 Rgh8 29. Rf2 Qe7 30. b5 Kg5 31. Qc2 e4 32. Rc4 Qe5 33. Rxe4 Qa1+ 0-1